A TEXTBOOK OF BIOCHEMISTRY CLINICAL PATHOLOGY (Record no. 6002)

MARC details
000 -LEADER
fixed length control field 00401nam a22001457a 4500
005 - DATE AND TIME OF LATEST TRANSACTION
control field 20210827143428.0
008 - FIXED-LENGTH DATA ELEMENTS--GENERAL INFORMATION
fixed length control field 190917b xxu||||| |||| 00| 0 eng d
020 ## - INTERNATIONAL STANDARD BOOK NUMBER
ISBN 81-256-0090-6
041 ## - LANGUAGE CODE
Language code of text/sound track or separate title eng
100 ## - MAIN ENTRY--AUTHOR NAME
Personal name SUMAN, NEERJA. AND CHATURVEDI, SUSHMA
245 ## - TITLE STATEMENT
Title A TEXTBOOK OF BIOCHEMISTRY CLINICAL PATHOLOGY
260 ## - PUBLICATION, DISTRIBUTION, ETC. (IMPRINT)
Place of publication DELHI
Name of publisher BIRLA PUBLICATIONS PVT. LTD.
300 ## - PHYSICAL DESCRIPTION
Number of Pages 170p,
942 ## - ADDED ENTRY ELEMENTS (KOHA)
Koha item type Books
Holdings
Lost status Damaged status Collection code Home library Current library Shelving location Date acquired Source of acquisition Cost, normal purchase price Accession Number Koha item type
    PHARMACY JRU Library JRU Library Shelf - 22- H 17/09/2019 PURCHESS 150.00 23448 Books